| 000 | 00743cam a22002775a 4500 | ||
|---|---|---|---|
| 001 | 12273410 | ||
| 003 | 0070083002 | ||
| 005 | 20211029110634.0 | ||
| 008 | 010108s2001 mau 000 0 eng | ||
| 010 | _a 2001086139 | ||
| 020 | _a0070083002 (alk. paper) | ||
| 038 | _akhadija | ||
| 040 |
_aDLC _cDLC |
||
| 042 | _apcc | ||
| 082 |
_a621.4022 _bHOL |
||
| 100 | 1 |
_aHolman, J. P. _945237 |
|
| 245 | 1 | 0 |
_aHeat transfer (metric version) / _cJ. P. Holman. |
| 250 | _aEigth SI Metric Ed | ||
| 260 |
_aBoston, MA : _bMcGraw-Hill, _c2001. |
||
| 263 | _a0101 | ||
| 300 |
_ap. ; _ccm. |
||
| 563 | _aPB | ||
| 906 |
_a0 _bibc _corignew _d2 _eepcn _f20 _gy-gencatlg |
||
| 942 |
_2ddc _cBK _h621.4022 |
||
| 999 |
_c31492 _d31492 |
||